Spanish to English Colors - Statistics

General Stats
  • This quiz has been taken 843 times
  • The average score is 12 of 13
Answer Stats
Hint Answer % Correct
Verde Green
100%
Negro Black
99%
Azul Blue
99%
Rojo Red
99%
Naranja Orange
98%
Blanco White
98%
Amarillo Yellow
98%
Cafe Brown
95%
Rosado Pink
95%
Gris Grey
94%
Morado Purple
84%
Oro Gold
73%
Plata Silver
68%
No matching quizzes found
Score Distribution
Percent of People with Each Score
Percentile by Number Answered
Your Score History
You have not taken this quiz